Elements of engineering mathematics V.2 (Record no. 160699)

MARC details
000 -LEADER
fixed length control field 00433nam a2200157Ia 4500
008 - FIXED-LENGTH DATA ELEMENTS--GENERAL INFORMATION
fixed length control field 231217s9999 xx 000 0 und d
041 ## - LANGUAGE CODE
Language code of text/sound track or separate title English
082 ## - DEWEY DECIMAL CLASSIFICATION NUMBER
Classification number 510.02462 RAM.2;9
100 ## - MAIN ENTRY--PERSONAL NAME
Personal name Ramamurthy KQureshi, Arshad
245 #0 - TITLE STATEMENT
Title Elements of engineering mathematics V.2
250 ## - EDITION STATEMENT
Edition statement 1st ed.
260 ## - PUBLICATION, DISTRIBUTION, ETC.
Date of publication, distribution, etc. 1990
Name of publisher, distributor, etc. Sudha
300 ## - PHYSICAL DESCRIPTION
Extent vii+470
650 ## - SUBJECT ADDED ENTRY--TOPICAL TERM
Topical term or geographic name entry element Engineering mathematicsDifferntial equationsMatrices
942 ## - ADDED ENTRY ELEMENTS (KOHA)
Koha item type Books
Holdings
Date last seen Total checkouts Full call number Accession number Cost, total (INR) price Price effective from Category Public note Lost status Damaged status Department Withdrawn status Home library Current library Shelving location Entry date Cost, normal purchase price Grants Billnumber Billdate Currency symbol Conversion rate Discount Old discount
26/01/2024   510.02462 RAM.2;9 1179 63.75 26/01/2024 Books Weeded Out 2016     Library Annex   Central Library Central Library Library Annex 26/02/1990 75.00 MATHS 537 19/06/1990 RS 1 11.25 15

© For any Suggestions or Query, please contact the library staff @ librarian@pes.edu or Phone: +9180 2672 1983/ 2108.